000 00445nam a2200169Ia 4500
003 GCL
008 140319s9999 xx 000 0 eng d
040 _aGCL /
_cGCL
082 0 4 _a361
_bM S
100 1 _aMACARAN, DAVID
245 1 0 _aSOCIAL WELFARE: STRUCTURE AND PRACTICE /
_cMACARAN, DAVID
260 _a[S.N] :
_bSAGE PUBLICATIONS ،
_c1995
300 _a325 P
650 0 4 _aSOCIAL SERVICES
650 0 4 _aPUBLIC WELFARE
942 _2ddc
_cBK
999 _c10550
_d10550